000 00541nam a2200181Ia 4500
003 Co-PeBPM
005 20241003171434.0
008 231129s2001||||xx |||||||||||||| ||spa||
020 _a958-8061-69-5
040 _aCo-PeBPM
_bspa
_cCo-PeBPM
082 0 4 _aCo863 C227u
_222
100 _aCano Gaviria Ricardo
245 0 _aUna lección de abismo
_c/ Ricardo Cano Gaviria
260 _c2001
_a: Alfaguara,
650 _aLiteratura colombiana
_2LEMB
650 _aNovela colombiana
_2LEMB
942 _2ddc
_cBK
999 _c25967
_d25967